| 000 | 00695nam a2200241 i 4500 | ||
|---|---|---|---|
| 001 | 17336 | ||
| 003 | ES-MaACL | ||
| 005 | 20230906151544.0 | ||
| 007 | t| | ||
| 008 | 010131s2000 sp ||||1| spa d | ||
| 020 | _a84-7737-089-3 | ||
| 080 | _a327.5(569.4) | ||
| 080 | _a956.94"1948/..." | ||
| 100 | 1 |
_aAltable, Juan. _920506 |
|
| 245 | 1 | 0 |
_aOriente Próximo _b: las claves del conflicto / _cJuan Altable. |
| 260 |
_aMadrid : _bSilex, _c2000. |
||
| 300 |
_a212 p. : _bil. ; _c24 cm. |
||
| 490 | 1 | _aPeriodismo histórico | |
| 650 | 1 | 4 |
_aConflicto árabe-israelí. _911266 |
| 830 | 0 |
_aPeriodismo histórico _9180286 |
|
| 852 |
_aES-MaACL _jL-24244 _bR.129434 |
||
| 999 |
_c17336 _d17336 |
||